[Event "5th Solidarity it"]
[Site "Skopje YUG"]
[Date "1971.11.25"]
[Round "10"]
[White "Westerinen, Heikki"]
[Black "Sofrevski, Jovan"]
[Result "0-1"]
[WhiteElo "2435"]
[BlackElo "2410"]
[EventDate "1971.11.13"]
[PlyCount "78"]
[Source "Perpetual Check"]

1.e4 c5 2.Nf3 e6 3.Bd3 Nc6 4.O-O Nge7 5.Re1 d5 6.Nc3 d4 7.Na4 Ng6 8.a3 a6 
9.b3 Bd6 10.c3 b5 11.Nb2 e5 12.a4 Rb8 13.axb5 axb5 14.c4 b4 15.Bf1 O-O 16.
g3 h6 17.Bg2 Bd7 18.Rf1 Qc7 19.Ne1 Na5 20.Nbd3 Kh7 21.f4 exf4 22.Nxf4 Ne5 
23.d3 Bg4 24.Bf3 Nxf3+ 25.Nxf3 Qd8 26.Nd5 f5 27.h3 Bxh3 28.e5 Bxf1 29.exd6
Nxb3 30.Qxb3 Be2 31.Kf2 Bxf3 32.Kxf3 f4 33.Kg2 f3+ 34.Kf2 Qxd6 35.Bf4 Qe6 
36.Qd1 Ra8 37.Nc7 Rxa1 38.Nxe6 Rxd1 39.Nxf8+ Kg8 0-1

[Event "5th Solidarity it"]
[Site "Skopje YUG"]
[Date "1971.11.25"]
[Round "10"]
[White "Tringov, Georgi"]
[Black "Ostojic, Predrag"]
[Result "0-1"]
[WhiteElo "2490"]
[BlackElo "2430"]
[EventDate "1971.11.13"]
[PlyCount "84"]
[Source "Perpetual Check"]

1.e4 c5 2.Nf3 Nc6 3.d4 cxd4 4.Nxd4 Qc7 5.f4 a6 6.Nxc6 Qxc6 7.Bd3 g6 8.O-O 
Bg7 9.Kh1 d6 10.c4 Nf6 11.Nc3 O-O 12.Be3 Ng4 13.Bd2 f5 14.Qe2 Rf7 15.Rad1 
Bd7 16.b4 e6 17.Rc1 Qc7 18.b5 Bd4 19.exf5 gxf5 20.bxa6 bxa6 21.c5 Bxc5 22.
Ne4 Nxh2 23.Kxh2 fxe4 24.Bxe4 Re8 25.Rf3 Bb5 26.Bd3 Bxd3 27.Rxd3 Rg7 28.
Bc3 Rg6 29.Rh3 Qf7 30.Rf1 Qf5 31.Ba1 Rf8 32.Rff3 Qb1 33.Rf1 Qf5 34.Rff3 
Qb1 35.Rf1 Qf5 36.Rff3 Rb8 37.Qxa6 Qb1 38.Rf1 Qc2 39.Rg3 Rxg3 40.Kxg3 Qg6+
41.Kh3 Qh5+ 42.Kg3 Kf7 0-1

[Event "5th Solidarity it"]
[Site "Skopje YUG"]
[Date "1971.11.25"]
[Round "10"]
[White "Bukic, Enver"]
[Black "Planinc, Albin"]
[Result "1/2-1/2"]
[WhiteElo "2465"]
[BlackElo "2510"]
[EventDate "1971.11.13"]
[PlyCount "111"]
[Source "Perpetual Check"]

1.d4 Nf6 2.c4 b6 3.Nc3 Bb7 4.Qc2 d5 5.cxd5 Nxd5 6.e4 Nxc3 7.bxc3 g6 8.Nf3 
Bg7 9.Be2 O-O 10.O-O Nd7 11.a4 e5 12.Bb2 Re8 13.Bd3 exd4 14.cxd4 c5 15.d5 
c4 16.Bxc4 Bxb2 17.Qxb2 Rxe4 18.Bb5 Nc5 19.Rfd1 Qd6 20.Nd2 Rh4 21.h3 Bxd5 
22.Nc4 Qe6 23.Ne3 Bb3 24.Rd4 Rxd4 25.Qxd4 h5 26.a5 Rc8 27.Rc1 Qe7 28.axb6 
axb6 29.Qb4 Qe5 30.Bf1 Rb8 31.Rb1 Be6 32.Nc4 Qd4 33.Ne3 Qxb4 34.Rxb4 Kf8 
35.g4 hxg4 36.hxg4 g5 37.Kg2 Ke7 38.Kg3 Kd6 39.f4 gxf4+ 40.Kxf4 Nd7 41.
Nf5+ Kc6 42.g5 Nf8 43.Ke5 Nd7+ 44.Kf4 Rh8 45.g6 Bxf5 46.g7 Rg8 47.Kxf5 
Rxg7 48.Bb5+ Kc5 49.Rb1 Nf8 50.Be8 Ne6 51.Rb5+ Kc4 52.Rxb6 Nd4+ 53.Kf4 f5 
54.Bg6 Re7 55.Kg5 Re5 56.Rf6 1/2-1/2

[Event "5th Solidarity it"]
[Site "Skopje YUG"]
[Date "1971.11.25"]
[Round "10"]
[White "Nicevski, Risto"]
[Black "Gufeld, Eduard"]
[Result "1/2-1/2"]
[WhiteElo "2410"]
[BlackElo "2520"]
[EventDate "1971.11.13"]
[PlyCount "25"]
[Source "Perpetual Check"]

1.e4 c5 2.Nf3 Nc6 3.d4 cxd4 4.Nxd4 Nf6 5.Nc3 d6 6.Bc4 Qb6 7.Nb3 e6 8.O-O 
Be7 9.Qe2 O-O 10.Be3 Qc7 11.Bd3 a6 12.f4 b5 13.a4 1/2-1/2

[Event "5th Solidarity it"]
[Site "Skopje YUG"]
[Date "1971.11.26"]
[Round "11"]
[White "Gufeld, Eduard"]
[Black "Damjanovic, Mato"]
[Result "1-0"]
[WhiteElo "2520"]
[BlackElo "2490"]
[EventDate "1971.11.13"]
[PlyCount "119"]
[Source "Perpetual Check"]

1.Nf3 Nf6 2.c4 c5 3.g3 g6 4.Bg2 Bg7 5.O-O O-O 6.Nc3 Nc6 7.d4 cxd4 8.Nxd4 
Nxd4 9.Qxd4 d6 10.Qd3 Nd7 11.b3 Nc5 12.Qd2 Bd7 13.Bb2 a5 14.Nd5 Bxb2 15.
Qxb2 Bc6 16.Rad1 Bxd5 17.Rxd5 Qb6 18.Rb1 Rfc8 19.h4 Qd8 20.e4 Qf8 21.e5 
dxe5 22.Qxe5 e6 23.Rd2 Qg7 24.Qe3 Rab8 25.Rbd1 Qf6 26.Bf1 h5 27.a3 b6 28.
b4 axb4 29.axb4 Na6 30.Qa3 Nc7 31.Bg2 Ne8 32.Qa7 Ng7 33.Bb7 Rd8 34.c5 bxc5
35.bxc5 Ne8 36.c6 Rxd2 37.Rxd2 Rd8 38.Rd7 Nc7 39.Rxc7 Qf3 40.Rd7 Rxd7 41.
Qa8+ Kh7 42.cxd7 Qd1+ 43.Kg2 Qxd7 44.Bc6 Qd6 45.Qb7 Qf8 46.Qb2 Qc5 47.Be4 
Qe7 48.Qe5 Kg8 49.Qg5 Qe8 50.Qf6 Kh7 51.g4 hxg4 52.h5 Kh6 53.hxg6 fxg6 54.
Kg3 Kh7 55.Kxg4 Kh6 56.f4 Kh7 57.Kg5 Qb5+ 58.f5 exf5 59.Qf7+ Kh8 60.Kh6 
1-0

[Event "5th Solidarity it"]
[Site "Skopje YUG"]
[Date "1971.11.26"]
[Round "11"]
[White "Polugaevsky, Lev"]
[Black "Bilek, Istvan"]
[Result "1-0"]
[WhiteElo "2640"]
[BlackElo "2490"]
[EventDate "1971.11.13"]
[PlyCount "41"]
[Source "Perpetual Check"]

1.d4 c5 2.d5 e5 3.c4 d6 4.e4 Nd7 5.Nc3 g6 6.Be2 a6 7.a3 Bh6 8.Bxh6 Nxh6 9.
Qd2 Ng8 10.Nf3 Ngf6 11.O-O O-O 12.Ne1 Ne8 13.Nd3 Qc7 14.Qh6 b5 15.cxb5 
axb5 16.Nxb5 Qb6 17.Nc3 Ba6 18.Rab1 f5 19.exf5 gxf5 20.Qe6+ Rf7 21.Bh5 1-0

[Event "5th Solidarity it"]
[Site "Skopje YUG"]
[Date "1971.11.26"]
[Round "11"]
[White "Planinc, Albin"]
[Black "Janosevic, Dragoljub"]
[Result "1-0"]
[WhiteElo "2510"]
[BlackElo "2450"]
[EventDate "1971.11.13"]
[PlyCount "97"]
[Source "Perpetual Check"]

1.g3 Nf6 2.Bg2 d5 3.d3 c5 4.Nf3 Nc6 5.O-O e5 6.c3 Be7 7.a3 O-O 8.b4 Qc7 9.
Bg5 cxb4 10.axb4 h6 11.Bd2 Be6 12.b5 Nb8 13.b6 Qxb6 14.Nxe5 Nc6 15.Nf3 a5 
16.Na3 a4 17.Rb1 Qa6 18.Nb5 Rfc8 19.Nbd4 Nxd4 20.Nxd4 Bd7 21.c4 a3 22.cxd5
Ba4 23.Qe1 Bc5 24.Bc3 Rd8 25.Nf5 a2 26.Ra1 Bb3 27.Qc1 Bf8 28.d6 Nd5 29.
Bxg7 Bxg7 30.Nxg7 Qa3 31.Nf5 Qxc1 32.Rfxc1 Nb4 33.Nd4 Bd5 34.Bxd5 Nxd5 35.
Rc2 Ra4 36.Nb3 Nb4 37.Rc4 b6 38.Nd4 Rxd6 39.Nc2 Nxc2 40.Rxc2 b5 41.Raxa2 
Rda6 42.Rab2 Rb6 43.Kg2 Kg7 44.Rc5 b4 45.Rc4 Kf6 46.Re4 Kg6 47.Kf3 h5 48.
Ke3 f6 49.Kd4 1-0

[Event "5th Solidarity it"]
[Site "Skopje YUG"]
[Date "1971.11.26"]
[Round "11"]
[White "Ostojic, Predrag"]
[Black "Bukic, Enver"]
[Result "1/2-1/2"]
[WhiteElo "2430"]
[BlackElo "2465"]
[EventDate "1971.11.13"]
[PlyCount "67"]
[Source "Perpetual Check"]

1.e4 c5 2.Nf3 d6 3.d4 cxd4 4.Nxd4 Nf6 5.Nc3 a6 6.f4 Qc7 7.Bd3 b5 8.Nf3 
Nbd7 9.O-O Bb7 10.a3 g6 11.Kh1 Bg7 12.Qe1 e5 13.Qh4 h6 14.Bd2 Nc5 15.b4 
Nxd3 16.cxd3 exf4 17.Rac1 Qe7 18.Qxf4 Nh5 19.Qe3 O-O 20.a4 bxa4 21.Nxa4 d5
22.Nc5 dxe4 23.dxe4 Nf6 24.Nxb7 Qxb7 25.e5 Ne4 26.Rfe1 Nxd2 27.Qxd2 Rfe8 
28.Rc4 Rad8 29.Qc2 Re6 30.h4 Qd7 31.Rd4 Qe8 32.Rxd8 Qxd8 33.Rd1 Qb8 34.Rd4
1/2-1/2

[Event "5th Solidarity it"]
[Site "Skopje YUG"]
[Date "1971.11.26"]
[Round "11"]
[White "Sofrevski, Jovan"]
[Black "Tringov, Georgi"]
[Result "1-0"]
[WhiteElo "2410"]
[BlackElo "2490"]
[EventDate "1971.11.13"]
[PlyCount "127"]
[Source "Perpetual Check"]

1.Nf3 Nf6 2.c4 g6 3.d4 Bg7 4.Nc3 O-O 5.e4 d6 6.Be2 e5 7.Be3 Ng4 8.Bg5 f6 
9.Bc1 Nc6 10.O-O Kh8 11.d5 Ne7 12.Ne1 f5 13.Bxg4 fxg4 14.f3 gxf3 15.Nxf3 
Ng8 16.Bg5 Nf6 17.Qd2 Bd7 18.Rf2 Qe8 19.Nh4 Nh5 20.Rxf8+ Qxf8 21.Rf1 Qe8 
22.g3 Bh3 23.Rf2 Qd7 24.Bh6 Qg4 25.Bxg7+ Kxg7 26.Qe2 Qxe2 27.Rxe2 a6 28.
Ng2 Nf6 29.Ne3 Rf8 30.Rf2 Rb8 31.Nc2 c5 32.dxc6 bxc6 33.Ne3 Rf8 34.Ned1 
Kf7 35.Rd2 Ke7 36.Nf2 Be6 37.b3 a5 38.Kg2 Bc8 39.h3 Bb7 40.Kg1 c5 41.Re2 
Rb8 42.Re3 Bc6 43.a4 Nd7 44.Nb5 Bxb5 45.cxb5 Nb6 46.Nd1 Ke6 47.Nb2 d5 48.
exd5+ Nxd5 49.Re1 Nf6 50.Nc4 e4 51.Nxa5 Rd8 52.b6 Rb8 53.Nc4 Nd5 54.Rxe4+ 
Kd7 55.a5 Nb4 56.Re5 Kc6 57.Re7 Kb5 58.Rc7 Na6 59.Rxh7 Kb4 60.Ra7 Kxb3 61.
Nd2+ Kc3 62.Nb1+ Kb2 63.Rxa6 Kxb1 64.Ra7 1-0

[Event "5th Solidarity it"]
[Site "Skopje YUG"]
[Date "1971.11.26"]
[Round "11"]
[White "Rajkovic, Dusan"]
[Black "Westerinen, Heikki"]
[Result "0-1"]
[WhiteElo "2410"]
[BlackElo "2435"]
[EventDate "1971.11.13"]
[PlyCount "162"]
[Source "Perpetual Check"]

1.d4 f5 2.g3 Nf6 3.Bg2 e6 4.Nf3 Be7 5.O-O O-O 6.c4 d6 7.Nc3 Qe8 8.Re1 Qg6 
9.e4 Nxe4 10.Nxe4 fxe4 11.Rxe4 Nc6 12.Re2 Qh5 13.d5 Nd8 14.dxe6 Nxe6 15.
Qd5 Qf7 16.b3 Bf6 17.Bb2 Bxb2 18.Rxb2 Qf6 19.Rab1 Kh8 20.Re2 Nc5 21.Qd4 
Bd7 22.Qxf6 Rxf6 23.Rbe1 Raf8 24.Nd4 g5 25.h3 Nd3 26.Rf1 Ne5 27.Nc2 Rh6 
28.f4 gxf4 29.gxf4 Ng6 30.Kh2 Bf5 31.Ne1 b6 32.Re3 Rh4 33.Kg3 Rg8 34.Rf2 
Rh5 35.Kh2 Bd7 36.Be4 Re8 37.Bxg6 Rxe3 38.Bxh5 Rxh3+ 39.Kg2 Rxh5 40.Re2 
Rh4 41.Re7 Rg4+ 42.Kf3 Rg7 43.Re3 Kg8 44.Nd3 a5 45.a3 Bc6+ 46.Ke2 Rg2+ 47.
Nf2 Kf7 48.b4 axb4 49.axb4 Kf6 50.Rh3 Rg7 51.c5 Kf5 52.cxd6 cxd6 53.Rh6 
Kxf4 54.Nd3+ Ke4 55.Re6+ Kd5 56.Nf4+ Kc4 57.Rxd6 Re7+ 58.Kf2 Kb5 59.Ne2 
Be8 60.Nf4 Rb7 61.Rd4 Ka4 62.Ke3 Bf7 63.Kd2 Rc7 64.Nd3 Bc4 65.Nc5+ Kb5 66.
Nd7 Be6 67.Ne5 Bf5 68.Rf4 Bb1 69.Rf6 Re7 70.Nf3 Re4 71.Kc1 Rxb4 72.Rh6 Bg6
73.Ne5 Rb1+ 74.Kd2 Rg1 75.Nd7 Rf1 76.Ke3 Rf5 77.Rh2 Kc6 78.Nb8+ Kb7 79.Nd7
Kc7 80.Rd2 Be8 81.Nb8 Bb5 0-1

[Event "5th Solidarity it"]
[Site "Skopje YUG"]
[Date "1971.11.26"]
[Round "11"]
[White "Ilievski, Dimitar"]
[Black "Langeweg, Christian"]
[Result "1/2-1/2"]
[WhiteElo "2280"]
[BlackElo "2425"]
[EventDate "1971.11.13"]
[PlyCount "95"]
[Source "Perpetual Check"]

1.e4 c5 2.Nc3 Nc6 3.g3 g6 4.Bg2 Bg7 5.d3 d6 6.Be3 Rb8 7.Nge2 Nd4 8.a4 Bg4 
9.Bxd4 cxd4 10.Nb1 Qb6 11.b3 e5 12.h3 Be6 13.O-O Ne7 14.Nd2 f5 15.f4 O-O 
16.Nc4 Qc7 17.fxe5 dxe5 18.Kh2 Bh6 19.Ng1 fxe4 20.Bxe4 Nd5 21.Bxd5 Bxd5 
22.Qe2 Rfe8 23.Nf3 e4 24.Nxd4 exd3 25.Qxd3 Bxc4 26.Qxc4+ Qxc4 27.bxc4 Rbc8
28.Rf3 Rxc4 29.c3 Re3 30.Rxe3 Bxe3 31.Ne2 a5 32.Kg2 b6 33.Kf1 h5 34.Ke1 h4
35.g4 Rc6 36.Ra3 Bc5 37.Nd4 Rf6 38.Rb3 Kf7 39.Ke2 Rf4 40.Kd3 Rf1 41.Rb2 
Ra1 42.Rf2+ Ke7 43.Rf4 Rg1 44.Ne2 Rb1 45.Rf3 Bd6 46.Kc4 Rh1 47.Re3+ Kd7 
48.Kd5 1/2-1/2

[Event "5th Solidarity it"]
[Site "Skopje YUG"]
[Date "1971.11.27"]
[Round "12"]
[White "Damjanovic, Mato"]
[Black "Langeweg, Christian"]
[Result "1-0"]
[WhiteElo "2490"]
[BlackElo "2425"]
[EventDate "1971.11.13"]
[PlyCount "93"]
[Source "Perpetual Check"]

1.e4 c5 2.Nf3 e6 3.d4 cxd4 4.Nxd4 Nc6 5.Nc3 Qc7 6.g3 a6 7.Bg2 Nf6 8.O-O 
Be7 9.Re1 d6 10.Nce2 O-O 11.b3 Bd7 12.c4 Rfd8 13.Bb2 Rac8 14.Nc3 Nxd4 15.
Qxd4 b5 16.cxb5 axb5 17.a3 Bc6 18.Rac1 Qb7 19.Na2 e5 20.Qd3 Bd7 21.Nb4 Be6
22.Nd5 Nxd5 23.exd5 Rxc1 24.Rxc1 Bc8 25.h4 Bg4 26.Qe4 Bd7 27.Qb4 Bf8 28.a4
Rb8 29.a5 Rc8 30.Rxc8 Qxc8 31.Qc3 Be7 32.Qb4 Kf8 33.Qa3 Qa6 34.b4 Qa7 35.
Bc1 Bd8 36.Be3 Qa6 37.Qc3 Qc8 38.Qa1 Qa6 39.h5 h6 40.Kh2 Bc8 41.Qb1 Kg8 
42.Be4 Qa8 43.Qd3 Ba6 44.Bf5 Qb7 45.Bh3 Be7 46.Qe4 Kf8 47.Qh7 1-0

[Event "5th Solidarity it"]
[Site "Skopje YUG"]
[Date "1971.11.27"]
[Round "12"]
[White "Westerinen, Heikki"]
[Black "Ilievski, Dimitar"]
[Result "1/2-1/2"]
[WhiteElo "2435"]
[BlackElo "2280"]
[EventDate "1971.11.13"]
[PlyCount "92"]
[Source "Perpetual Check"]

1.e4 c5 2.Nf3 Nc6 3.Bb5 d6 4.O-O Bd7 5.c3 Nf6 6.Re1 Ne5 7.Bf1 Bg4 8.Nxe5 
dxe5 9.Qb3 Qb6 10.Qc2 g6 11.Na3 Bg7 12.Nc4 Qc7 13.d4 cxd4 14.cxd4 exd4 15.
e5 Nd5 16.Nd6+ Kf8 17.Qxc7 Nxc7 18.Nxb7 Bf5 19.Na5 Ne6 20.Bc4 Rc8 21.b4 h5
22.b5 d3 23.f4 Nd4 24.Be3 Nc2 25.Bxa7 Bh6 26.b6 Kg7 27.b7 Nxa1 28.bxc8=Q 
Rxc8 29.Rxa1 Bxf4 30.Bb3 d2 31.Rf1 Rc1 32.Kf2 Bxe5 33.Be3 Rxf1+ 34.Kxf1 
Bc3 35.Nc6 Bg4 36.Bxd2 Bxd2 37.Nxe7 Bd7 38.Ke2 Bf4 39.h3 Bd6 40.Nd5 g5 41.
a4 g4 42.hxg4 hxg4 43.Nb6 Bc6 44.Bd5 Bc5 45.Bxc6 Bxb6 46.Bd7 Kf6 1/2-1/2

[Event "5th Solidarity it"]
[Site "Skopje YUG"]
[Date "1971.11.27"]
[Round "12"]
[White "Tringov, Georgi"]
[Black "Rajkovic, Dusan"]
[Result "1/2-1/2"]
[WhiteElo "2490"]
[BlackElo "2410"]
[EventDate "1971.11.13"]
[PlyCount "148"]
[Source "Perpetual Check"]

1.e4 Nf6 2.e5 Nd5 3.d4 d6 4.Nf3 g6 5.Bc4 Nb6 6.Bb3 Bg7 7.O-O O-O 8.a4 a5 
9.Qe2 Bg4 10.c3 Nc6 11.Bf4 dxe5 12.dxe5 Bxf3 13.Qxf3 Nxe5 14.Qxb7 Rb8 15.
Qe4 Qd3 16.Nd2 Nbc4 17.Qxd3 Nxd3 18.Bxc4 Nxf4 19.Rab1 Rb6 20.g3 Nd3 21.
Bxd3 Rd6 22.Nc4 Rxd3 23.Rfd1 Rdd8 24.Nxa5 Ra8 25.Nc6 Rxa4 26.Nxe7+ Kh8 27.
Rd7 Be5 28.Nd5 Rc4 29.Re1 Bd6 30.Nf6 Rc5 31.Rxd6 cxd6 32.Nd7 Kg7 33.Nxf8 
Kxf8 34.h4 Rd5 35.Re2 Rd3 36.Kf1 Rd1+ 37.Kg2 Rd3 38.Re4 Rd2 39.Rb4 Ke7 40.
c4 h5 41.Rb7+ Ke6 42.Rb3 Kd7 43.Rb7+ Ke6 44.Kf3 Rc2 45.Rb4 Kd7 46.Ke3 Ke6 
47.f3 f6 48.Kf4 Rh2 49.Rb3 Kd7 50.Rb7+ Ke6 51.b3 Rb2 52.Rb6 Ke7 53.g4 Rh2 
54.Kg3 Rb2 55.gxh5 gxh5 56.Rb5 Ke6 57.Kf4 Rb1 58.Rb6 Rc1 59.Ke4 Re1+ 60.
Kd3 Ke5 61.Rb5+ Kf4 62.Rxh5 f5 63.b4 Re3+ 64.Kd4 Rxf3 65.Rh8 Kg4 66.b5 f4 
67.Kd5 Rd3+ 68.Kc6 Rc3 69.b6 Rxc4+ 70.Kxd6 f3 71.b7 Rb4 72.b8=Q Rxb8 73.
Rxb8 Kxh4 74.Ke5 f2 1/2-1/2

[Event "5th Solidarity it"]
[Site "Skopje YUG"]
[Date "1971.11.27"]
[Round "12"]
[White "Bukic, Enver"]
[Black "Sofrevski, Jovan"]
[Result "1-0"]
[WhiteElo "2465"]
[BlackElo "2410"]
[EventDate "1971.11.13"]
[PlyCount "117"]
[Source "Perpetual Check"]

1.d4 Nf6 2.c4 e6 3.Nf3 Bb4+ 4.Nbd2 O-O 5.e3 b6 6.Bd3 Bb7 7.O-O d5 8.a3 
Bxd2 9.Bxd2 dxc4 10.Bxc4 a5 11.Rc1 Nbd7 12.Qe2 c5 13.Rfd1 Qe7 14.Be1 Rfd8 
15.dxc5 Nxc5 16.Nd4 a4 17.f3 Nd5 18.Bg3 Qg5 19.Kf2 e5 20.Nb5 Qe7 21.e4 Nc7
22.Nxc7 Qxc7 23.Kg1 Kf8 24.Bf2 Rxd1+ 25.Rxd1 Rc8 26.Bb5 Bc6 27.Rc1 Bxb5 
28.Qxb5 Qd6 29.Qb4 f6 30.h3 Ke7 31.Kh2 h5 32.Bxc5 Rxc5 33.Rxc5 Qxc5 34.
Qxa4 Qe3 35.Qb4+ Kd7 36.Qb5+ Ke7 37.Qb4+ Kd7 38.Qc4 h4 39.Qf7+ Kc6 40.Qe6+
Kc7 41.Qc4+ Kd6 42.Qd5+ Ke7 43.Qd1 g6 44.Qg1 Qb3 45.Qf2 g5 46.Qd2 Qc4 47.
Qe3 Qb5 48.Qc3 Kd6 49.b4 Qe2 50.a4 Qf2 51.a5 bxa5 52.bxa5 Qc5 53.Qa1 Kc7 
54.a6 Qa7 55.Qa2 Qe3 56.Qf7+ Kc8 57.Qxf6 Qf4+ 58.Qxf4 gxf4 59.g4 1-0

[Event "5th Solidarity it"]
[Site "Skopje YUG"]
[Date "1971.11.27"]
[Round "12"]
[White "Janosevic, Dragoljub"]
[Black "Ostojic, Predrag"]
[Result "0-1"]
[WhiteElo "2450"]
[BlackElo "2430"]
[EventDate "1971.11.13"]
[PlyCount "64"]
[Source "Perpetual Check"]

1.e4 c5 2.Nf3 d6 3.d4 cxd4 4.Nxd4 Nf6 5.Nc3 a6 6.Bc4 e6 7.Bb3 b5 8.f4 Be7 
9.f5 e5 10.Nde2 Bb7 11.O-O Nbd7 12.Bg5 Rc8 13.Ng3 h5 14.Qf3 h4 15.Nge2 b4 
16.Bxf6 Nxf6 17.Nd5 Bxd5 18.exd5 h3 19.gxh3 Rh4 20.a3 Ne4 21.Qg2 Bf6 22.
Ng3 Nc5 23.axb4 Rxb4 24.Nh5 Ke7 25.Rf3 Qb6 26.Kh1 Rh8 27.Nxf6 gxf6 28.Rc3 
a5 29.Bc4 Rxb2 30.Rca3 Rb1+ 31.Rxb1 Qxb1+ 32.Bf1 a4 0-1

[Event "5th Solidarity it"]
[Site "Skopje YUG"]
[Date "1971.11.27"]
[Round "12"]
[White "Bilek, Istvan"]
[Black "Planinc, Albin"]
[Result "1-0"]
[WhiteElo "2490"]
[BlackElo "2510"]
[EventDate "1971.11.13"]
[PlyCount "79"]
[Source "Perpetual Check"]

1.c4 Nf6 2.Nc3 e6 3.d4 Bb4 4.e3 O-O 5.Ne2 d5 6.a3 Be7 7.cxd5 exd5 8.g3 
Nbd7 9.Bg2 Nb6 10.O-O Re8 11.b3 a5 12.Bd2 Bf5 13.a4 c6 14.f3 Bb4 15.Re1 h5
16.Nf4 Qd7 17.Bf1 Bd6 18.h4 Re7 19.Nce2 Qc7 20.Nc1 Nbd7 21.Ncd3 Rae8 22.
Qc1 Nf8 23.Qc3 Qd7 24.Kf2 b6 25.Rac1 Rc8 26.Qb2 Qe8 27.b4 N8d7 28.Qb3 axb4
29.Nxb4 Nb8 30.Nbd3 Qd8 31.Bb4 c5 32.dxc5 bxc5 33.Bxc5 Bxc5 34.Rxc5 Rxc5 
35.Nxc5 Nc6 36.Rd1 Qd6 37.Qb6 Bd7 38.Bb5 Be8 39.e4 d4 40.Nfd3 1-0

[Event "5th Solidarity it"]
[Site "Skopje YUG"]
[Date "1971.11.27"]
[Round "12"]
[White "Nicevski, Risto"]
[Black "Polugaevsky, Lev"]
[Result "1/2-1/2"]
[WhiteElo "2410"]
[BlackElo "2640"]
[EventDate "1971.11.13"]
[PlyCount "81"]
[Source "Perpetual Check"]

1.e4 c5 2.c3 Nf6 3.e5 Nd5 4.d4 cxd4 5.Qxd4 e6 6.Nf3 Nc6 7.Qe4 d6 8.Nbd2 
dxe5 9.Nxe5 Nf6 10.Qa4 Qc7 11.Ndf3 Bd6 12.Nxc6 bxc6 13.Bg5 Nd5 14.c4 Nb6 
15.Qc2 c5 16.O-O-O Bb7 17.Bd3 Bxf3 18.gxf3 Bf4+ 19.Bxf4 Qxf4+ 20.Qd2 Qxd2+
21.Rxd2 O-O-O 22.Re1 Rd6 23.Re5 Nd7 24.Re3 Rd8 25.Bc2 Rxd2 26.Kxd2 Nb6+ 
27.Kc3 g6 28.Re5 Nd7 29.Re4 Kc7 30.a3 a5 31.Rh4 h5 32.Re4 Nb8 33.Re5 Kb6 
34.Re3 Nc6 35.Rd3 Rxd3+ 36.Bxd3 g5 37.Bc2 h4 38.Bd1 Kc7 39.Kb3 Ne5 40.Be2 
Kc6 41.Ka4 1/2-1/2

[Event "5th Solidarity it"]
[Site "Skopje YUG"]
[Date "1971.11.27"]
[Round "12"]
[White "Gufeld, Eduard"]
[Black "Velimirovic, Dragoljub"]
[Result "1/2-1/2"]
[WhiteElo "2520"]
[BlackElo "2490"]
[EventDate "1971.11.13"]
[PlyCount "90"]
[Source "Perpetual Check"]

1.Nf3 d5 2.c4 c6 3.d4 Nf6 4.Nc3 g6 5.e3 Bg7 6.Bd3 O-O 7.O-O Nbd7 8.cxd5 
Nxd5 9.e4 Nxc3 10.bxc3 c5 11.Bf4 Qa5 12.Qb3 Nb6 13.Ne5 Bd7 14.Nxd7 Nxd7 
15.Qxb7 Qxc3 16.Rad1 c4 17.Bxc4 Qxc4 18.Qxd7 e6 19.Bg5 Qxa2 20.d5 exd5 21.
exd5 a5 22.d6 f6 23.Be3 Qc4 24.Rc1 Rf7 25.Qh3 Qb5 26.Qe6 Re8 27.Qa2 a4 28.
Rb1 Qd7 29.Rfd1 Bf8 30.Rb4 Ra8 31.g3 a3 32.Rbd4 Kg7 33.R1d3 Ra6 34.Rxa3 
Rxd6 35.Rxd6 Qxd6 36.Ra8 Rd7 37.Ra7 Rxa7 38.Qxa7+ Be7 39.Qd4 Qxd4 40.Bxd4 
Kf7 41.Kf1 Ke6 42.Ke2 Kd5 43.Kd3 f5 44.f3 h5 45.h3 Bd6 1/2-1/2

[Event "5th Solidarity it"]
[Site "Skopje YUG"]
[Date "1971.11.29"]
[Round "13"]
[White "Polugaevsky, Lev"]
[Black "Gufeld, Eduard"]
[Result "1/2-1/2"]
[WhiteElo "2640"]
[BlackElo "2520"]
[EventDate "1971.11.13"]
[PlyCount "27"]
[Source "Perpetual Check"]

1.d4 d5 2.c4 c6 3.cxd5 cxd5 4.Nc3 Nf6 5.Nf3 Nc6 6.Bf4 e6 7.e3 Bd6 8.Bxd6 
Qxd6 9.Bd3 O-O 10.O-O Bd7 11.Rc1 e5 12.dxe5 Nxe5 13.Nxe5 Qxe5 14.Be2 
1/2-1/2

[Event "5th Solidarity it"]
[Site "Skopje YUG"]
[Date "1971.11.29"]
[Round "13"]
[White "Planinc, Albin"]
[Black "Nicevski, Risto"]
[Result "0-1"]
[WhiteElo "2510"]
[BlackElo "2410"]
[EventDate "1971.11.13"]
[PlyCount "82"]
[Source "Perpetual Check"]

1.g3 g6 2.Bg2 Bg7 3.e4 c5 4.Nf3 Nc6 5.O-O d6 6.d3 e5 7.c3 Nge7 8.a3 O-O 9.
b4 b6 10.Nbd2 Bb7 11.Rb1 Rc8 12.Re1 Rc7 13.Qb3 Bc8 14.Nc4 Kh8 15.b5 Nb8 
16.a4 f5 17.a5 bxa5 18.Nxa5 c4 19.dxc4 Nd7 20.Ba3 Nc5 21.Bxc5 Rxc5 22.Qa4 
Qb6 23.Nb3 Rc7 24.Rb2 fxe4 25.Ng5 e3 26.fxe3 Bh6 27.Ne4 Nf5 28.Nbd2 Nxe3 
29.c5 dxc5 30.Nc4 Nxc4 31.Qxc4 Be6 32.Qe2 c4+ 33.Kh1 Bg7 34.Qd2 Rd7 35.Qg5
Bd5 36.Rd2 Qxb5 37.Red1 Bxe4 38.Bxe4 Rxd2 39.Rxd2 Qa5 40.Kg2 Qxc3 41.Rd7 
Qe1 0-1

[Event "5th Solidarity it"]
[Site "Skopje YUG"]
[Date "1971.11.29"]
[Round "13"]
[White "Ostojic, Predrag"]
[Black "Bilek, Istvan"]
[Result "0-1"]
[WhiteElo "2430"]
[BlackElo "2490"]
[EventDate "1971.11.13"]
[PlyCount "140"]
[Source "Perpetual Check"]

1.e4 c5 2.Nf3 Nc6 3.d4 cxd4 4.Nxd4 Nf6 5.Nc3 g6 6.Be3 Bg7 7.Bc4 O-O 8.Bb3 
Qa5 9.O-O d6 10.h3 Nh5 11.Nd5 Re8 12.Bd2 Qd8 13.Nb5 Rf8 14.Bc3 Bxc3 15.
Nbxc3 b6 16.Qd2 Ba6 17.Rfe1 Rc8 18.Rad1 Ng7 19.Qf4 Kh8 20.e5 dxe5 21.Qa4 
Bb7 22.Nf6 Nd4 23.Rxe5 exf6 24.Rxd4 Qc7 25.Re1 Bc6 26.Qa6 Nf5 27.Nd5 Bxd5 
28.Rxd5 Rfe8 29.Red1 Re7 30.Ba4 Kg7 31.Rd7 Rxd7 32.Rxd7 Qf4 33.Bb3 Rc7 34.
Rxc7 Qxc7 35.Qc4 Qe7 36.Kf1 Nd6 37.Qd4 Qe5 38.Qd5 Qe7 39.Qd4 h5 40.c3 Kf8 
41.a4 Qe5 42.Qd5 Kg7 43.Qd3 h4 44.Bd5 g5 45.Bc6 f5 46.Qd2 Kf6 47.Qd5 Qxd5 
48.Bxd5 Ke5 49.Bb3 f4 50.Bd1 Nc4 51.b3 Nd2+ 52.Ke2 Ne4 53.Bc2 Nxc3+ 54.Kd3
Ne4 55.f3 Nd6 56.Kc3 a5 57.Bd3 Kd5 58.Bh7 Kc5 59.Bg8 b5 60.axb5 Nxb5+ 61.
Kd3 Nd6 62.Kc3 f6 63.Be6 Nb5+ 64.Kb2 Nd4 65.Bf7 Kb4 66.Bg8 Nf5 67.Kc2 Ne3+
68.Kd3 Nxg2 69.Ke4 Ne3 70.Be6 Nc2 0-1

[Event "5th Solidarity it"]
[Site "Skopje YUG"]
[Date "1971.11.29"]
[Round "13"]
[White "Sofrevski, Jovan"]
[Black "Janosevic, Dragoljub"]
[Result "1-0"]
[WhiteElo "2410"]
[BlackElo "2450"]
[EventDate "1971.11.13"]
[PlyCount "101"]
[Source "Perpetual Check"]

1.c4 Nf6 2.Nc3 g6 3.e4 d6 4.d4 Bg7 5.Be2 c5 6.Nf3 cxd4 7.Nxd4 Nc6 8.Be3 
O-O 9.O-O a6 10.f3 Be6 11.Qd2 Rc8 12.b3 Nd7 13.Nxe6 fxe6 14.f4 Qa5 15.Rac1
Nc5 16.Bg4 Rcd8 17.Bf3 Kh8 18.g4 e5 19.f5 Nd4 20.Bg2 Rde8 21.Bg5 Kg8 22.
Kh1 Rf7 23.Rb1 Nd7 24.h4 Nf6 25.Bh3 e6 26.Bxf6 Rxf6 27.g5 Rf7 28.fxe6 
Rxf1+ 29.Rxf1 Nxe6 30.Bxe6+ Rxe6 31.Qf2 Qc7 32.Nd5 Qd7 33.Nb6 Qe8 34.a4 
Re7 35.Kg2 Rf7 36.Qd2 Qe6 37.Rxf7 Qg4+ 38.Kf1 Kxf7 39.Qd5+ Ke8 40.c5 dxc5 
41.Nc4 Qf3+ 42.Ke1 Qc3+ 43.Ke2 Qc2+ 44.Nd2 b5 45.Qg8+ Bf8 46.axb5 axb5 47.
Qxh7 c4 48.Qxg6+ Kd8 49.Qb6+ Kc8 50.Qc6+ Kd8 51.Qd5+ 1-0

[Event "5th Solidarity it"]
[Site "Skopje YUG"]
[Date "1971.11.29"]
[Round "13"]
[White "Rajkovic, Dusan"]
[Black "Bukic, Enver"]
[Result "1/2-1/2"]
[WhiteElo "2410"]
[BlackElo "2465"]
[EventDate "1971.11.13"]
[PlyCount "79"]
[Source "Perpetual Check"]

1.e4 c5 2.Nf3 d6 3.d4 cxd4 4.Nxd4 Nf6 5.Nc3 a6 6.f4 Qc7 7.Bd3 b5 8.O-O 
Nbd7 9.a3 Bb7 10.Kh1 g6 11.f5 Bg7 12.Qe1 Ne5 13.Qh4 Qd7 14.Nf3 Nfg4 15.
Nxe5 Nxe5 16.Be3 Rc8 17.Bh6 O-O 18.Rae1 f6 19.Ne2 Nxd3 20.cxd3 e5 21.fxe6 
Qxe6 22.Nf4 Qf7 23.Bxg7 Kxg7 24.Qf2 Rfe8 25.Qd4 Qe7 26.Re2 Qe5 27.Qb6 Re7 
28.h3 Qc5 29.Qxb7 Rxb7 30.Ne6+ Kf7 31.Nxc5 dxc5 32.Ref2 Rb6 33.e5 Rcc6 34.
Rc2 Kg7 35.exf6+ Rxf6 36.Rfc1 Rbd6 37.Rxc5 Rxd3 38.R1c2 h5 39.Kh2 b4 40.
Re2 1/2-1/2

[Event "5th Solidarity it"]
[Site "Skopje YUG"]
[Date "1971.11.29"]
[Round "13"]
[White "Ilievski, Dimitar"]
[Black "Tringov, Georgi"]
[Result "1/2-1/2"]
[WhiteElo "2280"]
[BlackElo "2490"]
[EventDate "1971.11.13"]
[PlyCount "81"]
[Source "Perpetual Check"]

1.e4 d6 2.d4 Nf6 3.Nc3 g6 4.f4 Bg7 5.Nf3 O-O 6.Be2 c5 7.d5 e6 8.dxe6 Bxe6 
9.O-O Nc6 10.Ng5 Qe7 11.Nxe6 fxe6 12.Bf3 Rad8 13.Be3 a6 14.a4 Nd7 15.g3 
Nb6 16.Bf2 Nc4 17.Qc1 Nd4 18.Bg2 b5 19.axb5 axb5 20.Re1 Nxb2 21.Qxb2 b4 
22.e5 bxc3 23.Qxc3 dxe5 24.fxe5 Rf5 25.Bxd4 cxd4 26.Qc4 Kh8 27.Ra6 Rxe5 
28.Rxe5 Bxe5 29.Rxe6 Qf7 30.Rc6 Qf5 31.Qd3 Qg5 32.Bh3 Kg7 33.Rc8 Rd5 34.
Qf3 Bd6 35.Re8 Qc1+ 36.Bf1 Rf5 37.Qd3 Bc5 38.Kg2 h5 39.Re4 Qg5 40.Be2 Qf6 
41.Bf3 1/2-1/2